Music Quiz

Random Music Quiz
Score 0/18 Timer 06:00
0 Plays Today
Clue Answer % Correct
Lead singerBono
100%
Lead guitaristThe Edge
99.3%
Best-selling album (1987)The Joshua Tree
97.8%
BassistAdam Clayton
94.6%
DrummerLarry Mullen Jr.
94.2%
Debut Album (1980)Boy
90.3%
City of originDublin
90.3%
Hit song about Martin Luther King Jr.Pride (In the Name of Love)
89.6%
Most recent album (2009)No Line on the Horizon
87.8%
Clue Answer % Correct
Year Inducted into Rock and Roll Hall of Fame2005
85.6%
1991 album that marked a radical sound changeAchtung Baby
82%
The bassist and drummer wrote the theme to this 1996 Tom Cruise movieMission Impossible
66.9%
First US #1 singleWith or Without You
66.2%
Name of their most recent tourU2360
48.9%
The lead singer and guitarist wrote (but did not perform) the theme to this 1995 James Bond movieGoldeneye
47.1%
Song used in Barack Obama's 2008 presidential campaignCity of Blinding Lights
39.9%
Second (and most recent) US #1 singleI Still Haven't Found What I'm Looking For
36.7%
School attended by all four membersMount Temple Comprehensive School
36.7%
Remove Ads.
Support Sporcle.
Get the best of Sporcle when you Go Orange. This ad-free experience offers more features, more stats, and more fun while also helping to support Sporcle. Thank you for becoming a member.

You're not logged in!

Compare scores with friends on all Sporcle quizzes.
OR
Log In

Show Comments

Extras

Created Nov 22, 2010ReportNominate

Top Quizzes Today


Score Distribution

Your Account Isn't Verified!

In order to create a playlist on Sporcle, you need to verify the email address you used during registration. Go to your Sporcle Settings to finish the process.

Report this User

Report this user for behavior that violates our Community Guidelines.

Details: